[Event "Bogota IRT Menor U2100 op"]
[Site "Bogota"]
[Date "2013.12.20"]
[Round "8.1"]
[White "Acuna, Camilo"]
[Black "Rodriguez Correa, Enrique"]
[Result "1-0"]
[WhiteElo "2087"]
[BlackElo "1999"]
[PlyCount "62"]
[EventDate "2013.12.18"]
[EventType "swiss"]
[EventRounds "9"]
[EventCountry "COL"]
[SourceTitle "EXT 2024"]
[Source "ChessBase"]
[SourceDate "2023.10.10"]
[SourceVersion "1"]
[SourceVersionDate "2023.10.10"]
[SourceQuality "1"]

1. e4 Nf6 2. e5 Nd5 3. d4 d6 4. Nf3 Bg4 5. Be2 e6 6. 0-0 Be7 7. c4 Nb6 8. h3 Bh5 9. Nc3 0-0 10. Be3 Nc6 11. exd6 cxd6 12. b3 d5 13. c5 Nc8 14. b4 Bxf3 15. Bxf3 Nxb4 16. Qb3 a5 17. a3 Nc6 18. Qxb7 N8a7 19. Qb2 Bf6 20. Qd2 a4 21. Rab1 Nc8 22. Bd1 N8e7 23. Bxa4 Na5 24. Bb5 Nc4 25. Bxc4 dxc4 26. a4 Nc6 27. Rfd1 Qd7 28. Qe2 Na5 29. Nb5 Rfc8 30. Bd2 Qd5 31. Nd6 Rd8 1-0

[Event "Bogota Univ Central op-A 5th"]
[Site "Bogota"]
[Date "2011.10.14"]
[Round "2.1"]
[White "Barrientos Chavarriaga, Sergio E"]
[Black "Acuna, Camilo"]
[Result "1-0"]
[WhiteElo "2507"]
[BlackElo "2112"]
[PlyCount "50"]
[EventDate "2011.10.13"]
[EventType "swiss"]
[EventRounds "9"]
[EventCountry "COL"]
[SourceTitle "EXT 2024"]
[Source "ChessBase"]
[SourceDate "2023.10.10"]
[SourceVersion "1"]
[SourceVersionDate "2023.10.10"]
[SourceQuality "1"]

1. e4 c5 2. Nf3 d6 3. d4 cxd4 4. Nxd4 Nf6 5. Nc3 a6 6. Bg5 e6 7. f4 Qc7 8. Qd2 b5 9. Bxf6 gxf6 10. Be2 h5 11. 0-0 Nc6 12. Kh1 Bb7 13. Bf3 Be7 14. Rae1 Nxd4 15. Qxd4 Qc5 16. Qd2 0-0-0 17. a4 b4 18. Ne2 d5 19. e5 Kb8 20. c3 fxe5 21. fxe5 Rdg8 22. Nd4 Bg5 23. Qd3 Rc8 24. Be2 Rc7 25. Qg3 Bd2 1-0